00414nam a2200181Ia 4500008004100000020001400041050001600055100002100071245002400092245001400116245002400130260001000154260001300164260000900177300001600186300002000202300001000222170918s9999 xx 000 0 und d a312422911 bM134ch 2002 aMcDermott, Alice aChild of my heart : ba novel / cby Alice McDermott. aUSA : bPicador, c2002 a242 pages : billustrations ; c21cm.